Score 0/18 Timer 02:00
0 Plays Today
Clue 4-Letter Word % Correct
Striking the palms of hands together CLAP
96.6%
A type of dunk in basketballSLAM
95.5%
To hitSLAP
94.8%
Hair accessory CLIP
94.7%
A long, narrow cut or openingSLIT
94.5%
Slenderly built SLIM
94.3%
Poker player's tokenCHIP
93.6%
Of great height TALL
92.5%
Protruding facial feature CHIN
91.5%
Clue 4-Letter Word % Correct
Spades or diamonds, e.g.SUIT
91.3%
StoryTALE
91.2%
Protruding feature on an animalTAIL
89.6%
One with XY chromosomesMALE
89.5%
A collection of letters or packagesMAIL
87.5%
Son of Adam and EveCAIN
86.3%
Not secondaryMAIN
81.5%
A job for a lawyerCASE
72.3%
Hip-hop artist discovered by DiddyMASE
67.6%

Today's Daily Dose

Remove Ads.
Support Sporcle.
Get the best of Sporcle when you Go Orange. This ad-free experience offers more features, more stats, and more fun while also helping to support Sporcle. Thank you for becoming a member.

You're not logged in!

Compare scores with friends on all Sporcle quizzes.
OR
Log In

Show Comments

Extras

Top Quizzes Today


Score Distribution

Your Account Isn't Verified!

In order to create a playlist on Sporcle, you need to verify the email address you used during registration. Go to your Sporcle Settings to finish the process.

Report this User

Report this user for behavior that violates our Community Guidelines.

Details: